Countries with 11 letters - Statistics

General Stats
  • This quiz has been taken 74 times
  • The average score is 4 of 7
Answer Stats
Continent Answer % Correct
Asia Saudi Arabia
67%
Asia Philippines
65%
Asia Afghanistan
63%
Europe Netherlands
59%
Europe Switzerland
48%
Africa Burkina Faso
37%
Africa Sierra Leone
37%
No matching quizzes found
Score Distribution
Percent of People with Each Score
Percentile by Number Answered
Your Score History
You have not taken this quiz